El genoma electoral chileno: dibujando el mapa genético de las preferencias políticas en Chile
Պահպանված է:
| Հիմնական հեղինակներ: | , |
|---|---|
| Այլ հեղինակներ: | |
| Ձևաչափ: | Գիրք |
| Լեզու: | իսպաներեն |
| Հրապարակվել է: |
Santiago
Universidad Diego Portales
2009
|
| Հրատարակություն: | 1a. ed |
| Խորագրեր: | |
| Ցուցիչներ: |
Ավելացրեք ցուցիչ
Չկան պիտակներ, Եղեք առաջինը, ով նշում է այս գրառումը!
|
MARC
| LEADER | 00000cam a2200000 a 4500 | ||
|---|---|---|---|
| 001 | UCH4418 | ||
| 003 | CL-VaPUC | ||
| 008 | 090820e20090000CL |||||||||||||||||spa|d | ||
| 020 | |a 9789563140682 | ||
| 082 | 0 | 4 | |a 324.6983 |b NAV |2 21 |
| 100 | |a Navia Lucero, Patricio |e autor |9 561600 | ||
| 700 | |a Morales Quiroga, Mauricio |e autor |9 539935 | ||
| 700 | 0 | |a Briceño Espinoza, Renato |e author |9 539936 | |
| 245 | 1 | 3 | |a El genoma electoral chileno: dibujando el mapa genético de las preferencias políticas en Chile |
| 250 | |a 1a. ed | ||
| 300 | |a 316 p | ||
| 942 | |c BK | ||
| 945 | |d 20090820 00:00:00 |a rbrito | ||
| 260 | |a Santiago |b Universidad Diego Portales |c 2009 | ||
| 650 | 7 | |a SISTEMA ELECTORAL |2 CL-VaPUC |9 403566 | |
| 650 | 0 | |a Política |9 255312 | |
| 650 | 0 | |a Elecciones |9 254997 | |
| 650 | 7 | |a SISTEMA BINOMINAL |2 CL-VaPUC |9 539937 | |
| 650 | 0 | |a Partidos políticos |9 254999 | |
| 650 | 0 | |a Votaciones |9 460213 | |
| 651 | 7 | |a CHILE |2 CL-VaPUC |9 539938 | |
| 583 | |a last modification |c 20111226 12:07:20 |k Rodrigo Vera | ||
| 999 | |c 335742 |d 335740 | ||
| 952 | |0 0 |1 0 |4 0 |6 324_698300000000000_NAV_2009 |7 0 |8 A |9 426387 |a BIBHIS |b BIBEDU |d 2019-11-22 |i 4589319 |l 2 |o 324.6983 NAV 2009 |p 4589319 |r 2025-01-20 |s 2020-12-02 |w 2019-11-22 |y BK |k HIS | ||
| 952 | |0 0 |1 0 |4 0 |6 324_698300000000000_NAV_2009 |7 0 |8 A |9 426388 |a BIBHIS |b BIBHIS |d 2019-11-22 |i 4819012 |l 1 |o 324.6983 NAV 2009 |p 4819012 |r 2025-01-20 |s 2023-07-03 |w 2019-11-22 |y BK |k HIS | ||